000 00541nam a2200193Ia 4500
008 191130s2009##################000#0#eng##
020 _a9780141026152
040 _aACL
_cACL
082 _a330.16 SAC
100 _aSachs, Jeffrey
245 _aCommon wealth : economics for a crowded planet
_cJeffrey Sachs
260 _aLondon
_bPenguin
_c2009
300 _axi, 386 p. ; 20 cm
650 _aEconomic policy
650 _aSustainable development
990 _aa3480e87ac10000c1e8bc62354a2557e
991 _a417655
999 _c133826
_d133826